000 00484nam a2200157 a 4500
001 4147
005 20140414132119.0
008 090331s19uu xx 00 eng d
020 _a
050 _aM 808.308
_bV59 1993
100 _aVerne, Jules, 1828-1905.
245 _aAround the world in eighty days /
_cJules Verne ; translated by George M. Towle ; illustrated by Tudor Banus.
260 _bTwin books,
_c1993.
650 _aVoyages around the world
_xFiction.
999 _c115001
_d115001